000 00494nam a22001817a 4500
005 20251108164952.0
008 250721s1986 xx 000 0 ara d
082 1 4 _a214/كنا
100 1 _aالكناني، محمود
245 1 0 _aكتاب سفينة النجاة /
264 1 _aعمان :
_bالمؤلف،
_c1986.
300 _a210ص.
650 1 7 _aالإسلام
650 1 7 _aأصول الدين الإسلامي
650 1 7 _aالتوحيد
942 _2ddc
_cBK
999 _c18687
_d18687